Biggest cities once part of the Mayapan League - Statistics

General Stats
  • This quiz has been taken 23 times
    11 since last reset
  • The average score is 4 of 10
Answer Stats
Population City % Correct
888K Cancún
100%
921K Mérida
88%
61K Belize City
63%
169K Chetumal
50%
249K Campeche
38%
191K Ciudad del Carmen
25%
304K Playa del Carmen
25%
100K Puerto Barrios
13%
77K San Miguel de Cozuman
13%
60K Zacapa
0%
No matching quizzes found
Score Distribution
Percent of People with Each Score
Percentile by Number Answered
Your Score History
You have not taken this quiz since the last reset